| 000 | nam a22 a 4500 | ||
|---|---|---|---|
| 999 |
_c113965 _d113965 |
||
| 003 | BLK | ||
| 005 | 20201028114832.0 | ||
| 008 | 180409b bul|||||r ||||||| ||bul|| | ||
| 010 | _aKNG00119386000 | ||
| 040 | _aBLK | ||
| 041 |
_aFRE _cFRE |
||
| 072 | 7 |
_2bullib _aЦ _xРедки и ценни |
|
| 080 |
_aФренска литература _b821.133.1 _x-94 _z821.133.1-94 |
||
| 100 | 1 |
_aAdryane, Alexandre _eпърви автор _93219 |
|
| 139 |
_aAdryane, Alexandre _bA 22 |
||
| 245 | 1 | 0 |
_aMemoires d'un prisonnier d'etat _bVol. 1 - _cAlexandre Adryane. _nVol. 1 |
| 250 | _a5. ed. | ||
| 257 | _aFRA | ||
| 260 |
_bLibr. catholique Emmanuel Vitte _c1879 _aLyon, Paris |
||
| 300 | _c18 cm | ||
| 380 | _aX | ||
| 490 |
_9435080 _aКолекция Редки и ценни издания |
||
| 653 | _aмемоари | ||
| 659 | _aЦ | ||
| 760 | 1 |
_aAdryane, Alexandre _b5. ed. _d1879 _h496 p. _tVol. 1 |
|
| 852 |
_aРф 879 _bРц |
||
| 856 | 4 | _qpdf | |
| 942 |
_cKNG _n0 _s1 |
||
| 944 |
_aCR _c23.03.2010 _kЛюдмила_Стоянова |
||
| 944 |
_aED _c2020-10-28 |
||
| 999 | _d113965 | ||